00743 2200205 4500001002100000005001500021035002000036007000300056008004100059020001800100082001000118084001600128100002800144245026000172250001100432260004200443300003400485990000900519990000900528INLIS00000000000648320210223094808 a0010-0221000247ta210223 g | ind  a9789791518185 a615.8 a615.8 IR. s0 aIr. Padmiarso M. Wijoyo1 a15 Ramuan Penyembuh Maag :bMelalui buku ini, penulis berbagi 15 resep ramuan tradisional dari tanaman berkhsiat Obat, lengkap dengan cara pembuatan dan pemakaiyan yang bisa anda pilih untuk mengobati dan menyembuhkan sakit maag /cIr. Padmiarso M. Wijoyo aCet. 1 aJakarta :bBee Media Indonesia,c2009 a52 hlm :b.ilus ;c15 x 21 cm a3479 a3479